| 000 | 00497pab a2200169 454500 | ||
|---|---|---|---|
| 008 | 180718b2006 xxu||||| |||| 00| 0 eng d | ||
| 100 | _aSingh, S.N. et al. | ||
| 245 | _aEconomic evaluation of watershed development programs in semi-ARID regions of India - viability, acceptability and emerging issues | ||
| 260 | _c2006 | ||
| 300 | _ap.387-403. | ||
| 362 | _aDec | ||
| 650 | _aWatersheds - India | ||
| 650 | _aWatersheds | ||
| 773 | _aAsian Economic Review | ||
| 908 | _aN | ||
| 909 | _a73089 | ||
| 999 |
_c73089 _d73089 |
||